Central Library OPAC University of Rajshahi

সমাজকর্ম পরিভাষা / (Record no. 44069)

MARC details
000 -LEADER
fixed length control field 00952nam a22002537a 4500
001 - CONTROL NUMBER
control field 44069
003 - CONTROL NUMBER IDENTIFIER
rucl marc code BD-RjUL
005 - DATE AND TIME OF LATEST TRANSACTION
control field 20211209053809.0
008 - FIXED-LENGTH DATA ELEMENTS--GENERAL INFORMATION
fixed length control field 160713s1992 bg ||||| |||| 00| 0 ben d
020 ## - INTERNATIONAL STANDARD BOOK NUMBER
International Standard Book Number 9840726285
Terms of availability : TK 40.00
035 ## - SYSTEM CONTROL NUMBER
System control number (BD-RjUL)44187
040 ## - CATALOGING SOURCE
Original cataloging agency BD-RjUL
Language of cataloging ben
Transcribing agency BD-RjUL
041 ## - LANGUAGE CODE
Language code of text/sound track or separate title ben
082 ## - DEWEY DECIMAL CLASSIFICATION NUMBER
Edition number 23
Classification number 361.303
Author mark and year RAS 1992
100 1# - MAIN ENTRY--PERSONAL NAME
Personal name রহমান, মোহাম্মদ হাবিবুর
9 (RLIN) 237568
245 10 - TITLE STATEMENT
Title সমাজকর্ম পরিভাষা /
Statement of responsibility, etc. মোহাম্মদ হাবিবুর রহমান
260 ## - PUBLICATION, DISTRIBUTION, ETC. (IMPRINT)
Place of publication, distribution, etc. ঢাকা :
Name of publisher, distributor, etc. বাংলা একাডেমী,
Date of publication, distribution, etc. ১৯৯২
300 ## - PHYSICAL DESCRIPTION
Pagination ৫৮ পৃ. ;
Size ২২ সেমি.
490 ## - SERIES STATEMENT
Series statement বাএ ;
Volume/sequential designation ২৬১৯
650 ## - SUBJECT ADDED ENTRY--TOPICAL TERM
Topical term or geographic name as entry element সমাজকর্ম
General subdivision অভিধান
9 (RLIN) 135336
Topical term or geographic name as entry element Social service
General subdivision Dictionaries.
9 (RLIN) 237569
830 ## - SERIES ADDED ENTRY--UNIFORM TITLE
Uniform title বাএ ;
Volume number/sequential designation ২৬১৯
942 ## - ADDED ENTRY ELEMENTS (KOHA)
Source of classification or shelving scheme Dewey Decimal Classification
Koha item type Books
Holdings
Lost status Source of classification or shelving scheme Damaged status Not for loan Collection code Permanent Location Current Location Shelving location Date acquired Source of acquisition Cost, normal purchase price Total Checkouts Full call number Date last seen Copy number Koha item type
  Dewey Decimal Classification   Not For Loan Reference Central Library, University of Rajshahi Central Library, University of Rajshahi   16/01/1993 Lekhok 40.00   BR 361.303 RAS 1992 13/07/2016 C-2 Reference
  Dewey Decimal Classification   Not For Loan Reference Central Library, University of Rajshahi Central Library, University of Rajshahi   16/01/1993 Habibur Rahman, 40.00   BR 361.03 RAS 1992 15/11/2016 C-3 Reference
  Dewey Decimal Classification   Not For Loan Reference Central Library, University of Rajshahi Central Library, University of Rajshahi   16/01/1993 Dr. Habibur Rahman, Socialwork Dept. , RU 40.00   BR 361.303 RAS 1992 14/01/2020 C-1 Reference
  Dewey Decimal Classification   Not For Loan Reference Central Library, University of Rajshahi Central Library, University of Rajshahi   16/01/1993 Dr. Habibur Rahman, Socialwork Dept. , RU 40.00   BR 361.303 RAS 1992 14/01/2020 C-4 Reference
  Dewey Decimal Classification   Not For Loan Reference Central Library, University of Rajshahi Central Library, University of Rajshahi   16/01/1993 Dr. Habibur Rahman, Socialwork Dept. , RU 40.00   BR 361.303 RAS 1992 14/01/2020 C-5 Reference
  Dewey Decimal Classification   Not For Loan Reference Central Library, University of Rajshahi Central Library, University of Rajshahi   16/01/1993 Dr. Habibur Rahman, Socialwork Dept. , RU 40.00   BR 361.303 RAS 1992 16/01/2020 C-6 Books